La insurrección de la conciencia

Gespeichert in:
Bibliographische Detailangaben
1. Verfasser: Núñez Soto, Orlando
Format: Text
Veröffentlicht: Managua: Editorial Escuela de Sociología de la UCA
Tags: Tag hinzufügen
Keine Tags, Fügen Sie den ersten Tag hinzu!

MARC

LEADER 00000 a a2200000 04500
001 14842
003
040
090 |a 030100  
100 |a Núñez Soto, Orlando  
245 |a La insurrección de la conciencia  
260 |a Managua:   |b Editorial Escuela de Sociología de la UCA  
300 |a 210 p.  
999 |c 8171  |d 8171